Escuela normal superior : el primer siglo /

Guardado en:
Autor Principal: Pasquaré, Luciana
Otros Autores: Garelli, Analía
Formato: Libro
Publicado: Bahía Blanca : Escuela Normal Superior, 2006
Materias:
Etiquetas: Agregar Etiqueta
Sin Etiquetas, Sea el primero en etiquetar este registro!
LEADER 00779nam a22002055a 4500
001 CEM.cems012328
005 20070816185915.0
008 130507s2006##################000#0#####d
003 CEMS
020 |a 9872311404 
082 0 4 |a 373.9821 
100 1 |a Pasquaré, Luciana 
245 1 0 |a Escuela normal superior :  |b el primer siglo /  |c Redacción y Recopilación Luciana Pasquaré ; producción Fotográfica Analía Garelli 
260 |a Bahía Blanca :  |b Escuela Normal Superior,  |c 2006 
300 |a 136 p. 
505 0 |a Historia de la Escuela Normal Superior 1906-2006 
653 |a Escuela normal superior-historia 
700 1 |a Garelli, Analía 
859 |a CEMS  |b BIB. CEMS - 11 de abril  |h 373.9821  |i P265  |p 23609.06  |t Ej.1 
859 |a CEMS  |b BIB. CEMS - 11 de abril  |h 373.9821  |i P265  |p 23610.06  |t Ej.2